000 00724nam a2200265Ia 4500
003 OSt
005 20220924133529.0
006 a|||||r|||| 00| 0
007 ta
008 220923b |||||||| |||| 00| 0 guj d
024 _a266659
037 _cTextual
040 _aARTS
_cARTS
_bguj
041 _2guj
_aguj
082 _aO156,1:g, L4
100 _aShukla Ramesh
_9206718
245 0 _aSahitya no asvad ane chhand - alankarcharcha
260 _c1974
300 _a434p.
_ccm.
650 _aGUJRATI LITERATURE
700 _a Daru Manoj
_9206719
700 _a Shastri Vijay
_9206720
942 _hO156,1:g, L4
_cTEXL
_2CC
999 _c434176
_d434176